<?xml version="1.0" encoding="UTF-8"?>
<record
    xmlns:xsi="http://www.w3.org/2001/XMLSchema-instance"
    xsi:schemaLocation="http://www.loc.gov/MARC21/slim http://www.loc.gov/standards/marcxml/schema/MARC21slim.xsd"
    xmlns="http://www.loc.gov/MARC21/slim">

  <leader>00981nam a22002297a 4500</leader>
  <controlfield tag="005">20240530110335.0</controlfield>
  <controlfield tag="008">140906s2007    ua     gr     000 0 ara d</controlfield>
  <datafield tag="017" ind1=" " ind2=" ">
    <subfield code="a">15074/2007</subfield>
    <subfield code="b">&#x627;&#x644;&#x642;&#x627;&#x647;&#x631;&#x629; : &#x62F;&#x627;&#x631; &#x627;&#x644;&#x643;&#x62A;&#x628; &#x627;&#x644;&#x645;&#x635;&#x631;&#x64A;&#x629;</subfield>
  </datafield>
  <datafield tag="020" ind1=" " ind2=" ">
    <subfield code="a">9774374061</subfield>
  </datafield>
  <datafield tag="040" ind1=" " ind2=" ">
    <subfield code="a">EG-CaGPL</subfield>
  </datafield>
  <datafield tag="082" ind1="0" ind2="4">
    <subfield code="2">21</subfield>
    <subfield code="a">722.2</subfield>
    <subfield code="b">&#x642;/&#x645; &#x623;</subfield>
  </datafield>
  <datafield tag="100" ind1="0" ind2=" ">
    <subfield code="a">&#x645;&#x62D;&#x645;&#x62F; &#x631;&#x627;&#x634;&#x62F; &#x62D;&#x645;&#x627;&#x62F;</subfield>
  </datafield>
  <datafield tag="245" ind1="1" ind2="0">
    <subfield code="a">&#x627;&#x634;&#x63A;&#x627;&#x644; &#x627;&#x644;&#x646;&#x62C;&#x627;&#x631;&#x629; &#x641;&#x649; &#x645;&#x635;&#x631; &#x627;&#x644;&#x642;&#x62F;&#x64A;&#x645;&#x629; :</subfield>
    <subfield code="b">&#x646;&#x62C;&#x627;&#x631;&#x629; &#x627;&#x644;&#x639;&#x645;&#x627;&#x631;&#x629; /</subfield>
    <subfield code="c">&#x62A;&#x627;&#x644;&#x64A;&#x641; &#x645;&#x62D;&#x645;&#x62F; &#x631;&#x627;&#x634;&#x62F; &#x62D;&#x645;&#x627;&#x62F; &#x61B; &#x62A;&#x642;&#x62F;&#x64A;&#x645; &#x632;&#x627;&#x647;&#x649; &#x62D;&#x648;&#x627;&#x633;</subfield>
  </datafield>
  <datafield tag="260" ind1=" " ind2=" ">
    <subfield code="a">&#x627;&#x644;&#x642;&#x627;&#x647;&#x631;&#x629; : </subfield>
    <subfield code="b">&#x627;&#x644;&#x645;&#x62C;&#x644;&#x633; &#x627;&#x644;&#x627;&#x639;&#x644;&#x649; &#x644;&#x644;&#x627;&#x62B;&#x627;&#x631; &#x60C;</subfield>
    <subfield code="c">2007</subfield>
  </datafield>
  <datafield tag="300" ind1=" " ind2=" ">
    <subfield code="a">605 &#x635; &#x61B;</subfield>
    <subfield code="c">24 &#x633;&#x645; </subfield>
  </datafield>
  <datafield tag="490" ind1=" " ind2=" ">
    <subfield code="a">&#x646;&#x62D;&#x648; &#x648;&#x639;&#x649; &#x62D;&#x636;&#x627;&#x631;&#x649; &#x645;&#x639;&#x627;&#x635;&#x631;</subfield>
  </datafield>
  <datafield tag="490" ind1=" " ind2=" ">
    <subfield code="a">&#x633;&#x644;&#x633;&#x644;&#x629; &#x627;&#x644;&#x62B;&#x642;&#x627;&#x641;&#x629; &#x627;&#x644;&#x627;&#x62B;&#x631;&#x64A;&#x629; &#x648;&#x627;&#x644;&#x62A;&#x627;&#x631;&#x64A;&#x62E;&#x64A;&#x629; : &#x645;&#x634;&#x631;&#x648;&#x639; &#x627;&#x644;&#x645;&#x627;&#x626;&#x629; &#x643;&#x62A;&#x627;&#x628; </subfield>
    <subfield code="v">52</subfield>
  </datafield>
  <datafield tag="650" ind1="0" ind2="7">
    <subfield code="a">&#x627;&#x644;&#x639;&#x645;&#x627;&#x631;&#x629;</subfield>
    <subfield code="y">&#x645;&#x635;&#x631; &#x627;&#x644;&#x642;&#x62F;&#x64A;&#x645;&#x629;</subfield>
  </datafield>
  <datafield tag="650" ind1="0" ind2="7">
    <subfield code="a">&#x627;&#x644;&#x646;&#x62C;&#x627;&#x631;&#x629;</subfield>
    <subfield code="y">&#x645;&#x635;&#x631;&#x627;&#x644;&#x642;&#x62F;&#x64A;&#x645;&#x629;</subfield>
  </datafield>
  <datafield tag="700" ind1="0" ind2=" ">
    <subfield code="a">&#x632;&#x627;&#x647;&#x649; &#x62D;&#x648;&#x627;&#x633;</subfield>
    <subfield code="e">&#x645;&#x642;&#x62F;&#x645;</subfield>
  </datafield>
  <datafield tag="942" ind1=" " ind2=" ">
    <subfield code="2">ddc</subfield>
    <subfield code="c">BK</subfield>
  </datafield>
  <datafield tag="999" ind1=" " ind2=" ">
    <subfield code="c">59774</subfield>
    <subfield code="d">59774</subfield>
  </datafield>
  <datafield tag="952" ind1=" " ind2=" ">
    <subfield code="0">0</subfield>
    <subfield code="1">0</subfield>
    <subfield code="4">0</subfield>
    <subfield code="7">0</subfield>
    <subfield code="a">CAI</subfield>
    <subfield code="b">CAI</subfield>
    <subfield code="c">CAIRO-LIBRARY</subfield>
    <subfield code="d">2014-09-06</subfield>
    <subfield code="l">0</subfield>
    <subfield code="o">722.2 &#x642;/&#x645; &#x623;</subfield>
    <subfield code="p">158696</subfield>
    <subfield code="r">2014-09-06 00:00:00</subfield>
    <subfield code="w">2014-09-06</subfield>
    <subfield code="y">BK</subfield>
  </datafield>
</record>
